Selected works of Govind Ballabh Pant / (Record no. 136852)

MARC details
000 -LEADER
fixed length control field 00693nam a22002177a 4500
010 ## - LIBRARY OF CONGRESS CONTROL NUMBER
LC control number A-899289
020 ## - INTERNATIONAL STANDARD BOOK NUMBER
International Standard Book Number 0195639545
Terms of availability 395.00
035 ## - SYSTEM CONTROL NUMBER
System control number A-899289
037 ## - SOURCE OF ACQUISITION
Source of stock number/acquisition Cen Lib / Ret
040 ## - CATALOGING SOURCE
Original cataloging agency DPL
Language of cataloging EN
082 ## - DEWEY DECIMAL CLASSIFICATION NUMBER
Classification number 080
Item number NAN
245 ## - TITLE STATEMENT
Title Selected works of Govind Ballabh Pant /
Statement of responsibility, etc edited by B. R. Nanda
260 ## - PUBLICATION, DISTRIBUTION, ETC. (IMPRINT)
Place of publication, distribution, etc Delhi
Name of publisher, distributor, etc Oxford Univeristy Press
Date of publication, distribution, etc 1997
270 ## - ADDRESS
Address Oxford Univeristy Press
City Delhi
300 ## - PHYSICAL DESCRIPTION
Extent (v 1. 320 ; v 8. 476p)
Dimensions 27cm(Hb)
650 ## - SUBJECT ADDED ENTRY--TOPICAL TERM
Topical term or geographic name as entry element India -- Politics and government -- 20th century.
650 ## - SUBJECT ADDED ENTRY--TOPICAL TERM
Topical term or geographic name as entry element Pant, Govind Ballabh, -- 1887-1961.
650 ## - SUBJECT ADDED ENTRY--TOPICAL TERM
Topical term or geographic name as entry element Politics and government
700 ## - ADDED ENTRY--PERSONAL NAME
Personal name Nanda, B. R.
942 ## - ADDED ENTRY ELEMENTS (KOHA)
Source of classification or shelving scheme Dewey Decimal Classification
Koha item type English Books
Classification part 080
Call number suffix NAN
Holdings
Withdrawn status Lost status Source of classification or shelving scheme Materials specified (bound volume or other part) Damaged status Not for loan Home library Current library Date acquired Source of acquisition Cost, normal purchase price Total Checkouts Full call number Barcode Date last seen Copy number Cost, replacement price Price effective from Koha item type
    Dewey Decimal Classification v 8     Central Library Central Library 10/03/2016 Cen Lib/Ret 395.00   080 NAN A-899289 10/03/2016 1 395.00 10/03/2016 English Books
    Dewey Decimal Classification v 1     Central Library Central Library 12/03/2016 Cen Lib/Ret     080 NAN A-679791 12/03/2016 1   12/03/2016 English Books

© Delhi Public Library
Hit Counter
free hit counter